| 000 | 00000cam 2200000zi 4500 |
| 001 | 9.557753 |
| 003 | CaOODSP |
| 005 | 20210624172039 |
| 007 | cr ||||||||||| |
| 008 | 150406s2001||||xxc|||||o f|0| 0 eng d |
| 020 | |a0-662-30207-9 |
| 022 | |a1205-9153 |
| 040 | |aCaOODSP|beng |
| 043 | |an-cn--- |
| 086 | 1 |aCS11-0019/149E-PDF|zCS11-0019/149E-IN |
| 100 | 1 |aLin, Zhengxi, |eauthor. |
| 245 | 00|aPayroll taxes in Canada revisited : |bstructure, statutory parameters and recent trends / |cby Zhengxi Lin. |
| 260 | |aOttawa, Ontario : |bStatistics Canada, |cAugust 2001. |
| 300 | |a1 online resource (48 pages) : |bgraphs, references, tables. |
| 336 | |atext|btxt|2rdacontent |
| 337 | |acomputer|bc|2rdamedia |
| 338 | |aonline resource|bcr|2rdacarrier |
| 490 | 1 |aAnalytical Studies Branch research paper series ; |x1205-9153|vNo. 149 |
| 500 | |aThe ISSN (1200-5233) for the print edition has been incorrectly copied in this electronic publication. |
| 590 | |a12-37-Supp|b2012-09-24 |
| 710 | 2 |aStatistics Canada, |eissuing body. |
| 775 | 08|tRéexamen des charges sociales au Canada : |w(CaOODSP)9.590827 |
| 776 | 0#|tPayroll taxes in Canada revisited : |w(CaOODSP)9.615302 |
| 830 | #0|aResearch paper series (Statistics Canada. Analytical Studies Branch)|x1205-9153|vNo. 149|w(CaOODSP)9.504421 |
| 856 | 40|ahttp://publications.gc.ca|qPDF|s260 KB|uhttps://publications.gc.ca/collections/Collection/CS11-0019-149E.pdf|yNo. 149 |